[Event "Chess.com Classic Div 2 L"]
[Site "chess.com INT"]
[Date "2024.05.11"]
[Round "1.1"]
[White "Caruana, Fabiano"]
[Black "Bluebaum, Matthias"]
[Result "1-0"]
[WhiteTitle "GM"]
[BlackTitle "GM"]
[WhiteElo "2805"]
[BlackElo "2647"]
[WhiteFideId "2020009"]
[BlackFideId "24651516"]
[EventDate "2024.05.11"]
[EventType "k.o."]

1. c4 e6 2. Nf3 d5 3. g3 dxc4 4. Qa4+ Bd7 5. Qxc4 c5 6. Ne5 Nc6 7. Nxd7 Qxd7 8.
Bg2 Nf6 9. O-O Be7 10. b3 Rc8 11. Bb2 O-O 12. Rd1 Rfd8 13. Nc3 a6 14. Qf4 b5 15.
d3 Nd4 16. Qd2 c4 17. e3 b4 18. exd4 bxc3 19. Bxc3 cxb3 20. axb3 Nd5 21. Ba5 Re8
22. Rdc1 Qb5 23. Bxd5 Qxd5 24. Rc4 Rb8 25. Qc2 h5 26. h4 Bf6 27. Bc7 Rb5 28.
Rxa6 Bxd4 29. Rd6 Qb7 30. Rdxd4 Rxb3 31. Qd1 e5 32. Rd8 Rxd8 33. Bxd8 f6 34. Ba5
Rb5 35. Bd2 Qf7 36. Be3 Rd5 37. Qf3 Rd8 38. Rb4 Qg6 39. Qe4 Qf7 40. Rb7 Rd7 41.
Rb8+ Rd8 42. Rxd8+ Qe8 1-0

[Event "Chess.com Classic Div 2 L"]
[Site "chess.com INT"]
[Date "2024.05.11"]
[Round "1.1"]
[White "Dominguez Perez, Leinier"]
[Black "Vidit, Santosh Gujrathi"]
[Result "1/2-1/2"]
[WhiteTitle "GM"]
[BlackTitle "GM"]
[WhiteElo "2748"]
[BlackElo "2722"]
[WhiteFideId "3503240"]
[BlackFideId "5029465"]
[EventDate "2024.05.11"]
[EventType "k.o."]

1. e4 e5 2. Nf3 Nc6 3. Bb5 Nf6 4. O-O Nxe4 5. Re1 Nd6 6. Nxe5 Be7 7. Bf1 Nxe5 8.
Rxe5 O-O 9. Nc3 Bf6 10. Re1 Re8 11. Nd5 Rxe1 12. Qxe1 b6 13. Nxf6+ Qxf6 14. d3
Bb7 15. Qb4 c5 16. Qf4 Nf5 17. c3 h6 18. Bd2 Re8 19. Re1 Rxe1 20. Bxe1 Bc6 21.
f3 Qe6 22. Bf2 d6 23. a3 g5 24. Qd2 Bd5 25. c4 Bb7 26. d4 cxd4 27. Bxd4 Nxd4 28.
Qxd4 f6 29. Kf2 Kg7 30. Bd3 Qe5 31. Qxe5 fxe5 32. Be4 Ba6 33. b3 h5 34. Ke3 Kf6
35. g3 h4 36. Bd5 Bc8 37. b4 Bf5 38. Be4 Be6 39. Bd3 Bc8 40. Be4 Be6 41. Bd3 Bc8
42. Be4 Be6 1/2-1/2

[Event "Chess.com Classic Div 2 L"]
[Site "chess.com INT"]
[Date "2024.05.11"]
[Round "1.1"]
[White "Sevian, Samuel"]
[Black "Rakhmanov, Aleksandr"]
[Result "1-0"]
[WhiteTitle "GM"]
[BlackTitle "GM"]
[WhiteElo "2699"]
[BlackElo "2614"]
[WhiteFideId "2040506"]
[BlackFideId "4173708"]
[EventDate "2024.05.11"]
[EventType "k.o."]

1. c4 e5 2. g3 c6 3. Nf3 e4 4. Nd4 d5 5. cxd5 Qxd5 6. Nc2 Nf6 7. Nc3 Qe5 8. Bg2
Na6 9. O-O Bf5 10. a3 h5 11. Ne3 Bg6 12. d4 exd3 13. exd3 Qd4 14. Nc4 Bc5 15.
Re1+ Kf8 16. Be3 Qxd3 17. Qb3 Bxe3 18. Rxe3 Qd7 19. Rae1 Ng4 20. Ne5 Nxe5 21.
Rxe5 Rb8 22. Ne2 h4 23. Nf4 Rh6 24. Bh3 Qc7 25. Qf3 Qd6 26. Be6 Qc7 27. Ba2 Kg8
28. Nxg6 Rxg6 29. Re7 Qd6 30. Bxf7+ Kh7 31. Bxg6+ Qxg6 32. R7e6 Qg5 33. R6e5 1-0

[Event "Chess.com Classic Div 2 L"]
[Site "chess.com INT"]
[Date "2024.05.11"]
[Round "1.1"]
[White "So, Wesley"]
[Black "Van Foreest, Jorden"]
[Result "1/2-1/2"]
[WhiteTitle "GM"]
[BlackTitle "GM"]
[WhiteElo "2757"]
[BlackElo "2665"]
[WhiteFideId "5202213"]
[BlackFideId "1039784"]
[EventDate "2024.05.11"]
[EventType "k.o."]

1. e4 e5 2. Nf3 Nc6 3. Bc4 Nf6 4. d3 Be7 5. O-O O-O 6. Nc3 d6 7. a3 Bg4 8. h3
Bxf3 9. Qxf3 Nd4 10. Qd1 c6 11. Ba2 Ne6 12. Re1 Qd7 13. Ne2 Rae8 14. f4 exf4 15.
Nxf4 Nxf4 16. Bxf4 Bd8 17. Qf3 Kh8 18. c3 Bc7 19. d4 Bb6 20. Rad1 d5 21. exd5
Nxd5 22. Be5 f6 23. Bg3 Bc7 24. Rxe8 Rxe8 25. Bxd5 Bxg3 26. Bxc6 bxc6 27. Qxg3
Qe6 28. Rd2 a5 29. Rf2 a4 30. Qd3 h6 31. c4 Qd6 32. Qd1 Re4 33. Rd2 c5 34. Qxa4
Rxd4 35. Qa8+ Kh7 36. Qe4+ Rxe4 37. Rxd6 Rxc4 38. Rd2 Rc1+ 39. Kf2 c4 40. Ke3 c3
41. bxc3 Rxc3+ 42. Rd3 Rc2 43. g3 g5 44. Kd4 Kg6 45. Rc3 Ra2 46. Kc4 f5 47. Kb3
Ra1 48. Kb2 Rd1 49. a4 Rd5 50. Ra3 f4 51. g4 Rd8 52. a5 Rf8 53. Kc3 f3 54. Ra1
f2 55. Rf1 Rf4 56. Kb3 h5 57. Kc3 hxg4 58. hxg4 Rxg4 59. Kd3 Ra4 60. Ke3 Rxa5
61. Kxf2 Rf5+ 62. Kg1 Rxf1+ 63. Kxf1 Kf5 64. Kg1 Kf4 65. Kf2 g4 66. Kg2 g3 67.
Kg1 Kf3 68. Kf1 g2+ 69. Kg1 Kg3 1/2-1/2

[Event "Chess.com Classic Div 2 L"]
[Site "chess.com INT"]
[Date "2024.05.11"]
[Round "1.2"]
[White "Bluebaum, Matthias"]
[Black "Caruana, Fabiano"]
[Result "1-0"]
[WhiteTitle "GM"]
[BlackTitle "GM"]
[WhiteElo "2647"]
[BlackElo "2805"]
[WhiteFideId "24651516"]
[BlackFideId "2020009"]
[EventDate "2024.05.11"]
[EventType "k.o."]

1. Nf3 d5 2. c4 e6 3. e3 Nf6 4. Nc3 Be7 5. b3 O-O 6. Bb2 c5 7. cxd5 exd5 8. d4
cxd4 9. Nxd4 Nc6 10. Be2 Be6 11. O-O Rc8 12. Rc1 Qd7 13. Na4 Ne4 14. Bf3 Nxd4
15. Bxd4 b6 16. Qe2 Ng5 17. h3 h6 18. Rfd1 Rxc1 19. Rxc1 Rc8 20. Rxc8+ Qxc8 21.
Nc3 Nxf3+ 22. Qxf3 Bd6 23. Qd1 f6 24. Ne2 Bf7 25. Bb2 Be5 26. Bxe5 fxe5 27. f4
exf4 28. Nxf4 Qc3 29. Qd4 Qc1+ 30. Kh2 Qc7 31. Kg1 Qc1+ 32. Kf2 Qc2+ 33. Kg3
Qxa2 34. Nxd5 Qxb3 35. Ne7+ Kf8 36. Nf5 Qe6 37. Qxg7+ Ke8 38. Kf4 h5 39. g4 hxg4
40. hxg4 a5 41. Qd4 Kf8 42. Qh8+ Bg8 43. Qg7+ Ke8 44. Qd4 Kf7 45. e4 b5 46. Qa7+
Kf8 47. Qc5+ Kf7 48. Qc7+ Kf8 49. Qxa5 Qd7 50. Qb4+ Ke8 51. Qxb5 Qxb5 52. Nd6+
Kd7 53. Nxb5 Ke6 54. Nd4+ Kd6 55. Nf5+ Ke6 56. e5 Bh7 57. Ng3 Bb1 58. Ne4 Bc2
59. Nf6 Bg6 60. Nh5 Bb1 61. Ng3 Bc2 62. Ne2 Bb1 63. Nd4+ Kd5 64. Nf3 Ke6 65. g5
Bd3 66. Nd4+ Kd5 67. Nf5 Ke6 68. Nh4 Bb1 69. g6 Bc2 70. g7 Kf7 71. Nf5 Bb3 72.
Kg5 Be6 73. Nd4 Bd5 74. Kh6 Be4 75. e6+ Kg8 76. e7 1-0

[Event "Chess.com Classic Div 2 L"]
[Site "chess.com INT"]
[Date "2024.05.11"]
[Round "1.2"]
[White "Rakhmanov, Aleksandr"]
[Black "Sevian, Samuel"]
[Result "0-1"]
[WhiteTitle "GM"]
[BlackTitle "GM"]
[WhiteElo "2614"]
[BlackElo "2699"]
[WhiteFideId "4173708"]
[BlackFideId "2040506"]
[EventDate "2024.05.11"]
[EventType "k.o."]

1. d4 Nf6 2. c4 e6 3. Nc3 Bb4 4. e3 O-O 5. Bd3 d5 6. a3 Bxc3+ 7. bxc3 dxc4 8.
Bxc4 c5 9. Ne2 Qc7 10. Ba2 b6 11. O-O Ba6 12. Re1 Rd8 13. Ng3 Nc6 14. Bb2 Na5
15. e4 Bc4 16. Bxc4 Nxc4 17. Bc1 Ne8 18. e5 Rd5 19. Qg4 cxd4 20. cxd4 Qd7 21.
Be3 f5 22. exf6 Nxf6 23. Qh4 b5 24. Ne2 Rf8 25. h3 a5 26. Red1 Rh5 27. Qg3 Ne4
28. Qg4 Nf6 29. Qf3 Rf5 30. Qg3 Ne4 31. Qh4 Qd5 32. f3 Nf6 33. Bf2 Rh5 34. Qf4
Qd7 35. Ng3 Rd5 36. Qc1 Rc8 37. Re1 e5 38. Ne4 Nxe4 39. fxe4 Rd6 40. d5 Rg6 41.
Qc3 h6 42. Qd3 a4 43. Re2 Rf8 44. Bg3 Kh7 45. Kh2 Qd6 46. Be1 Rff6 47. Bb4 Qd7
48. Raa2 Qf7 49. Qc2 Rf4 50. Qd3 Rf1 51. Bc5 Qf4+ 52. g3 Qc1 53. Rf2 Rh1+ 54.
Kg2 Qg1+ 0-1

[Event "Chess.com Classic Div 2 L"]
[Site "chess.com INT"]
[Date "2024.05.11"]
[Round "1.2"]
[White "Van Foreest, Jorden"]
[Black "So, Wesley"]
[Result "0-1"]
[WhiteTitle "GM"]
[BlackTitle "GM"]
[WhiteElo "2665"]
[BlackElo "2757"]
[WhiteFideId "1039784"]
[BlackFideId "5202213"]
[EventDate "2024.05.11"]
[EventType "k.o."]

1. e4 e5 2. Nf3 Nc6 3. Bc4 Bc5 4. O-O Nf6 5. d3 d6 6. c3 O-O 7. Re1 a6 8. a4 Ba7
9. h3 Ne7 10. d4 Ng6 11. Bd3 c6 12. Nbd2 exd4 13. cxd4 d5 14. Ra3 a5 15. e5 Nh5
16. Nf1 Nhf4 17. Bc2 f6 18. Bxf4 Nxf4 19. Qd2 fxe5 20. Nxe5 Qh4 21. Rg3 Bxh3 22.
gxh3 Nxh3+ 23. Rxh3 Qxh3 24. Ng3 Rae8 25. Re3 Qh4 26. Nf3 Qf6 27. Kg2 g6 28. Ne5
Qf4 29. Nf3 Rxe3 30. Qxe3 Bb8 31. Qxf4 Bxf4 32. Ne2 Kg7 33. Nxf4 Rxf4 34. Kg3
Rf8 35. Ne5 g5 36. Nd7 Rf7 37. Nc5 b6 38. Nd3 h5 39. Bd1 Kh6 40. Ne5 Rf6 41. b3
c5 42. Bc2 cxd4 43. Bd3 g4 44. Bf1 Re6 45. f4 gxf3 46. Nxf3 Re3 47. Kf4 Rxb3 48.
Nxd4 Rb4 49. Ke5 Rxa4 50. Kxd5 Rb4 51. Bc4 h4 52. Nf5+ Kg5 53. Nd6 h3 54. Ne4+
Kf4 55. Nf2 h2 0-1

[Event "Chess.com Classic Div 2 L"]
[Site "chess.com INT"]
[Date "2024.05.11"]
[Round "1.2"]
[White "Vidit, Santosh Gujrathi"]
[Black "Dominguez Perez, Leinier"]
[Result "1-0"]
[WhiteTitle "GM"]
[BlackTitle "GM"]
[WhiteElo "2722"]
[BlackElo "2748"]
[WhiteFideId "5029465"]
[BlackFideId "3503240"]
[EventDate "2024.05.11"]
[EventType "k.o."]

1. e4 e5 2. Nf3 Nc6 3. Bc4 Bc5 4. d3 Nf6 5. Bg5 h6 6. Bh4 Ne7 7. Bxf6 gxf6 8. d4
exd4 9. Nxd4 d5 10. exd5 Rg8 11. Nc3 Qd6 12. g3 Qe5+ 13. Nde2 Nf5 14. Bb5+ Kf8
15. Qd2 Nd4 16. O-O-O Nxb5 17. Nxb5 Bg4 18. Rde1 Bxf2 19. Nf4 Bxe1 20. Rxe1 Qf5
21. Nxc7 Rc8 22. Nb5 Qd7 23. Qb4+ Kg7 24. Re7 Rc4 25. Rxf7+ Qxf7 26. Qxc4 Rc8
27. Qd3 Qe8 28. Kd2 Rb8 29. Nd6 1-0

[Event "Chess.com Classic Div 2 L"]
[Site "chess.com INT"]
[Date "2024.05.11"]
[Round "1.3"]
[White "Bluebaum, Matthias"]
[Black "Caruana, Fabiano"]
[Result "0-1"]
[WhiteTitle "GM"]
[BlackTitle "GM"]
[WhiteElo "2647"]
[BlackElo "2805"]
[WhiteFideId "24651516"]
[BlackFideId "2020009"]
[EventDate "2024.05.11"]
[EventType "k.o."]

1. Nf3 c5 2. e3 Nc6 3. d4 d5 4. c3 e6 5. Nbd2 Nf6 6. Bd3 Bd6 7. O-O O-O 8. dxc5
Bxc5 9. b4 Bd6 10. Bb2 b6 11. a3 a5 12. b5 Ne5 13. Nxe5 Bxe5 14. Nf3 Bd6 15. c4
dxc4 16. Bxc4 Bb7 17. Qe2 Rc8 18. Rac1 Qe7 19. a4 Rc7 20. Bd3 Rfc8 21. Rcd1 h6
22. h3 Ne4 23. Nd2 Nxd2 24. Rxd2 Bb4 25. Rdd1 Bc3 26. Bxc3 Rxc3 27. Bb1 Bd5 28.
Rfe1 Qg5 29. e4 Bb3 30. Rd3 Bxa4 31. e5 Rxd3 32. Qxd3 g6 33. Re4 Qc1+ 34. Kh2
Bc2 35. Bxc2 Qxc2 36. Qd4 Qc5 37. Qd7 h5 38. Re3 Kg7 39. g3 a4 40. Rf3 Rf8 41.
Re3 Ra8 42. Qb7 Rd8 43. Rf3 Rf8 44. Qxb6 Qxb6 0-1

[Event "Chess.com Classic Div 2 L"]
[Site "chess.com INT"]
[Date "2024.05.12"]
[Round "2.1"]
[White "Caruana, Fabiano"]
[Black "Esipenko, Andrey"]
[Result "1/2-1/2"]
[WhiteTitle "GM"]
[BlackTitle "GM"]
[WhiteElo "2805"]
[BlackElo "2704"]
[WhiteFideId "2020009"]
[BlackFideId "24175439"]
[EventDate "2024.05.11"]
[EventType "k.o."]

1. e4 e5 2. Nf3 Nc6 3. Bc4 Nf6 4. d3 Be7 5. Nc3 O-O 6. a3 d6 7. Bd2 Bg4 8. h3
Bxf3 9. Qxf3 Nd4 10. Qd1 c6 11. Ba2 Qc7 12. O-O Rad8 13. Ne2 Ne6 14. Ng3 Rfe8
15. Nf5 Bf8 16. Qf3 d5 17. Rad1 g6 18. Nh6+ Kg7 19. c3 dxe4 20. dxe4 Rxd2 21.
Rxd2 Ng5 22. Qe3 Nfxe4 23. Rd3 Bc5 24. Qc1 Nxf2 25. Rxf2 Ne4 26. Ng4 Nxf2 27.
Qh6+ Kh8 28. Nxf2 e4 29. Re3 f5 30. b4 Bf8 31. Qg5 Be7 32. Qh6 Bf8 33. Qg5 Be7
34. Qh6 Bf8 1/2-1/2

[Event "Chess.com Classic Div 2 L"]
[Site "chess.com INT"]
[Date "2024.05.12"]
[Round "2.1"]
[White "Martinez Alcantara, Jose Eduardo"]
[Black "Vidit, Santosh Gujrathi"]
[Result "0-1"]
[WhiteTitle "GM"]
[BlackTitle "GM"]
[WhiteElo "2612"]
[BlackElo "2722"]
[WhiteFideId "3805662"]
[BlackFideId "5029465"]
[EventDate "2024.05.11"]
[EventType "k.o."]

1. e4 e5 2. Bc4 Nf6 3. d3 Nc6 4. Nc3 Bb4 5. Ne2 d5 6. exd5 Nxd5 7. O-O Be6 8.
Bxd5 Bxd5 9. f4 f6 10. f5 Bxc3 11. bxc3 Qd7 12. Ng3 O-O-O 13. Be3 Ne7 14. Qe2 b6
15. a4 h5 16. a5 h4 17. Ne4 Nxf5 18. axb6 axb6 19. Ra7 Nxe3 20. Qxe3 h3 21. g3
Bc6 22. c4 Qd4 23. Qxd4 Rxd4 24. Nf2 Rdd8 25. Re1 Kd7 26. Kf1 Ra8 27. Rxa8 Rxa8
28. Ke2 Bg2 29. Kd2 Ke6 30. g4 g6 31. Re3 Rh8 32. d4 Rd8 33. d5+ Kd6 34. g5 f5
35. Nd3 Re8 36. Nf4 Be4 37. Ne2 Bg2 38. Nf4 Rg8 39. Nd3 e4 40. Nf4 Ke5 41. Ne6
f4 42. Rb3 Bf1 43. Nxc7 e3+ 44. Ke1 Bxc4 45. Rb4 b5 46. Nxb5 Bxd5 47. Nc3 Bc6
48. Rc4 Bf3 49. Rc7 Ra8 0-1

[Event "Chess.com Classic Div 2 L"]
[Site "chess.com INT"]
[Date "2024.05.12"]
[Round "2.1"]
[White "Sevian, Samuel"]
[Black "Hakobyan, Aram"]
[Result "1-0"]
[WhiteTitle "GM"]
[BlackTitle "GM"]
[WhiteElo "2699"]
[BlackElo "2617"]
[WhiteFideId "2040506"]
[BlackFideId "13306677"]
[EventDate "2024.05.11"]
[EventType "k.o."]

1. d4 d5 2. c4 dxc4 3. e3 Nf6 4. Bxc4 e6 5. Nf3 a6 6. O-O c5 7. Be2 cxd4 8. Nxd4
Bd6 9. b3 O-O 10. Bb2 b5 11. a4 bxa4 12. Rxa4 Bb7 13. Bf3 Bxf3 14. Qxf3 Nbd7 15.
Nd2 Nc5 16. Nc6 Qc7 17. Qxf6 e5 18. Rg4 Ne6 19. Bxe5 Bxe5 20. Nxe5 h5 21. Rg3
Rad8 22. Ndc4 Rd5 23. h4 Rfd8 24. Qf5 1-0

[Event "Chess.com Classic Div 2 L"]
[Site "chess.com INT"]
[Date "2024.05.12"]
[Round "2.1"]
[White "So, Wesley"]
[Black "Kollars, Dmitrij"]
[Result "1/2-1/2"]
[WhiteTitle "GM"]
[BlackTitle "GM"]
[WhiteElo "2757"]
[BlackElo "2648"]
[WhiteFideId "5202213"]
[BlackFideId "12909572"]
[EventDate "2024.05.11"]
[EventType "k.o."]

1. d4 d5 2. c4 e6 3. Nc3 Nf6 4. cxd5 exd5 5. Bg5 Be7 6. e3 h6 7. Bh4 Bg4 8. f3
Be6 9. Bd3 c5 10. Nge2 Nc6 11. O-O O-O 12. Rc1 Rc8 13. Kh1 Re8 14. dxc5 Bxc5 15.
e4 g5 16. exd5 Nxd5 17. Nxd5 Qxd5 18. Nc3 Qd8 19. Bg3 Nb4 20. Be4 Qxd1 21. Rfxd1
Nxa2 22. Nxa2 Bxa2 23. Bxb7 Rcd8 24. h4 Be3 25. Rxd8 Rxd8 26. Re1 Bd4 27. b4 Bc3
28. Re2 Bd5 29. Bxd5 Rxd5 30. Ra2 a5 31. bxa5 Rxa5 32. Rxa5 Bxa5 33. hxg5 hxg5 1/2-1/2

[Event "Chess.com Classic Div 2 L"]
[Site "chess.com INT"]
[Date "2024.05.12"]
[Round "2.2"]
[White "Esipenko, Andrey"]
[Black "Caruana, Fabiano"]
[Result "1/2-1/2"]
[WhiteTitle "GM"]
[BlackTitle "GM"]
[WhiteElo "2704"]
[BlackElo "2805"]
[WhiteFideId "24175439"]
[BlackFideId "2020009"]
[EventDate "2024.05.11"]
[EventType "k.o."]

1. e4 e5 2. Nf3 Nc6 3. Bc4 Nf6 4. d3 Bc5 5. h3 d6 6. a3 a5 7. Be3 O-O 8. Bxc5
dxc5 9. Nc3 Be6 10. Bb5 Nd4 11. Nxe5 Qd6 12. Nc4 Qf4 13. Ne3 Rad8 14. a4 c6 15.
Bc4 b5 16. axb5 cxb5 17. Bxb5 Nxb5 18. Nxb5 Qb8 19. Rxa5 Nxe4 20. O-O c4 21. d4
Qb6 22. Qa1 h6 23. Qa3 Rfe8 24. Nc3 Nd2 25. Rd1 Rxd4 26. Qc5 Qd8 27. Ncd5 Qh4
28. Nc7 Rc8 29. Nxe6 Rxc5 30. Ra8+ Kh7 31. Nf8+ Kg8 32. Ne6+ Kh7 33. Nf8+ Kg8
34. Ne6+ 1/2-1/2

[Event "Chess.com Classic Div 2 L"]
[Site "chess.com INT"]
[Date "2024.05.12"]
[Round "2.2"]
[White "Hakobyan, Aram"]
[Black "Sevian, Samuel"]
[Result "0-1"]
[WhiteTitle "GM"]
[BlackTitle "GM"]
[WhiteElo "2617"]
[BlackElo "2699"]
[WhiteFideId "13306677"]
[BlackFideId "2040506"]
[EventDate "2024.05.11"]
[EventType "k.o."]

1. e4 e5 2. Nf3 Nc6 3. Bb5 a6 4. Ba4 Nf6 5. O-O Nxe4 6. d4 b5 7. Bb3 d5 8. dxe5
Be6 9. Nbd2 Be7 10. c3 O-O 11. Bc2 f5 12. exf6 Nxf6 13. Re1 Bg4 14. h3 Bh5 15.
Nf1 Bc5 16. Ng3 Bxf3 17. gxf3 Qd6 18. Kg2 Rad8 19. b4 Bb6 20. Bg5 h6 21. Nf5 Qd7
22. Bh4 Nh5 23. Qb1 Rde8 24. Rxe8 Rxe8 25. Kh1 Rf8 26. a4 Kh8 27. axb5 axb5 28.
Qg1 Ne5 29. f4 Nxf4 30. Bg3 Ned3 31. Bxf4 Qxf5 32. Bxd3 Qxd3 33. Bg3 Qxc3 34.
Qd1 Bxf2 35. Bh2 Bb6 36. Rc1 Qxh3 37. Qe2 Qf3+ 38. Qxf3 Rxf3 39. Bxc7 Bxc7 40.
Rxc7 Rf4 41. Rb7 Rxb4 42. Kg2 Rb3 43. Kf2 Kh7 44. Rxb5 Rxb5 0-1

[Event "Chess.com Classic Div 2 L"]
[Site "chess.com INT"]
[Date "2024.05.12"]
[Round "2.2"]
[White "Kollars, Dmitrij"]
[Black "So, Wesley"]
[Result "1/2-1/2"]
[WhiteTitle "GM"]
[BlackTitle "GM"]
[WhiteElo "2648"]
[BlackElo "2757"]
[WhiteFideId "12909572"]
[BlackFideId "5202213"]
[EventDate "2024.05.11"]
[EventType "k.o."]

1. e4 e5 2. Nf3 Nc6 3. Bc4 Nf6 4. d3 Bc5 5. Nc3 d6 6. Na4 Bb6 7. a3 O-O 8. O-O
h6 9. h3 Re8 10. b4 a6 11. Nxb6 cxb6 12. Re1 b5 13. Bb3 Be6 14. Bxe6 Rxe6 15.
Bb2 d5 16. exd5 Qxd5 17. c4 Qd6 18. Qb3 Nh5 19. c5 Qe7 20. d4 exd4 21. Rxe6 Qxe6
22. Qxe6 fxe6 23. Nxd4 Nxd4 24. Bxd4 Rd8 25. Be5 Rd5 26. Re1 Kf7 27. Re3 Nf6 28.
Bxf6 gxf6 29. f4 Rd4 30. g3 h5 31. Kf2 h4 32. Kf3 hxg3 33. Kxg3 f5 34. h4 Rd1
35. Kg2 Rd2+ 36. Kg3 Rd1 37. Kg2 Kf6 38. h5 Rd4 39. Kg3 Rd1 40. Kg2 Rd4 41. Kg3
Rd8 42. Kf2 Rd2+ 43. Kg3 Rd4 44. Kf3 Rd1 45. Kg2 1/2-1/2

[Event "Chess.com Classic Div 2 L"]
[Site "chess.com INT"]
[Date "2024.05.12"]
[Round "2.2"]
[White "Vidit, Santosh Gujrathi"]
[Black "Martinez Alcantara, Jose Eduardo"]
[Result "1-0"]
[WhiteTitle "GM"]
[BlackTitle "GM"]
[WhiteElo "2722"]
[BlackElo "2612"]
[WhiteFideId "5029465"]
[BlackFideId "3805662"]
[EventDate "2024.05.11"]
[EventType "k.o."]

1. d4 c5 2. d5 e5 3. e4 d6 4. Nc3 g6 5. Bb5+ Nd7 6. a4 a6 7. Be2 Bh6 8. Bxh6
Nxh6 9. Qd2 Ng8 10. Nf3 Qe7 11. O-O Ngf6 12. Qh6 Nh5 13. g3 Ndf6 14. Nd2 Bh3 15.
Rfe1 Ng8 16. Qe3 Ngf6 17. Nc4 O-O 18. Qg5 Kh8 19. Qh4 Bd7 20. Nb6 Rad8 21. Nxd7
Rxd7 22. a5 Ng7 23. Bf1 Ng8 24. Qxe7 Rxe7 25. Na4 f5 26. f3 h5 27. Nb6 f4 28.
Be2 fxg3 29. hxg3 Nh6 30. Nc4 Rf6 31. Kg2 Kg8 32. Rh1 g5 33. Rab1 Rg6 34. b4
cxb4 35. Rxb4 h4 36. gxh4 gxh4+ 37. Kf2 Nh5 38. Rxh4 Nf4 39. Bf1 Rc7 40. Ne3 Nf7
41. Rc4 Rxc4 42. Nxc4 Kf8 43. Ne3 Ke7 44. Nf5+ Kf6 45. Rh7 Rg5 46. c4 1-0

[Event "Chess.com Classic Div 2 L"]
[Site "chess.com INT"]
[Date "2024.05.12"]
[Round "2.3"]
[White "Caruana, Fabiano"]
[Black "Esipenko, Andrey"]
[Result "0-1"]
[WhiteTitle "GM"]
[BlackTitle "GM"]
[WhiteElo "2805"]
[BlackElo "2704"]
[WhiteFideId "2020009"]
[BlackFideId "24175439"]
[EventDate "2024.05.11"]
[EventType "k.o."]

1. e4 e5 2. Nf3 Nc6 3. Bb5 a6 4. Ba4 Nf6 5. O-O Be7 6. Bxc6 dxc6 7. d3 Nd7 8.
Be3 a5 9. a4 O-O 10. Nc3 Re8 11. Ne2 Bf8 12. Nd2 Nc5 13. Nc4 b6 14. Ng3 f6 15.
f4 exf4 16. Bxf4 Be6 17. b3 b5 18. axb5 cxb5 19. Nxa5 Qd7 20. Kh1 Ra6 21. Bd2
Rea8 22. b4 Nb7 23. Qe1 Nxa5 24. bxa5 c5 25. Nh5 Bf7 26. Nf4 b4 27. c3 Qb7 28.
cxb4 cxb4 29. Rb1 Rb8 30. e5 fxe5 31. Qxe5 Qb5 32. d4 Rxa5 33. d5 Rd8 34. Qg5
Rd7 35. Qg4 Ra2 36. Bc3 Bxd5 37. Nxd5 Qxd5 38. Rbd1 Rf7 39. Rfe1 Qf5 40. Qc4 Rc2
41. Rd8 Rxc3 42. Rxf8+ Kxf8 43. Qxb4+ Qc5 0-1

[Event "Chess.com Classic Div 2 L"]
[Site "chess.com INT"]
[Date "2024.05.12"]
[Round "3.1"]
[White "Sevian, Samuel"]
[Black "Vidit, Santosh Gujrathi"]
[Result "1/2-1/2"]
[WhiteTitle "GM"]
[BlackTitle "GM"]
[WhiteElo "2699"]
[BlackElo "2722"]
[WhiteFideId "2040506"]
[BlackFideId "5029465"]
[EventDate "2024.05.11"]
[EventType "k.o."]

1. d4 d5 2. c4 e6 3. Nc3 Nf6 4. cxd5 exd5 5. Bg5 Be7 6. e3 h6 7. Bh4 c6 8. Bd3
Ne4 9. Bg3 Nxg3 10. hxg3 Nd7 11. Nf3 O-O 12. Bc2 Re8 13. Qd3 Nf6 14. Ne5 Bd6 15.
f4 Bb4 16. a3 Bxc3+ 17. Qxc3 Ne4 18. Bxe4 dxe4 19. Qc5 Be6 20. Rc1 b6 21. Qc2 c5
22. dxc5 bxc5 23. O-O Qb6 24. Qxc5 Qxb2 25. Rb1 Qe2 26. Nc6 Rac8 27. Rfe1 Qg4
28. Ne7+ Rxe7 29. Qxe7 Qxg3 30. Qb7 Rc2 31. Qa8+ Bc8 32. Qxe4 Qf2+ 33. Kh2 Qh4+
34. Kg1 Qf2+ 35. Kh2 Qh4+ 36. Kg1 Qf2+ 1/2-1/2

[Event "Chess.com Classic Div 2 L"]
[Site "chess.com INT"]
[Date "2024.05.12"]
[Round "3.1"]
[White "So, Wesley"]
[Black "Esipenko, Andrey"]
[Result "1-0"]
[WhiteTitle "GM"]
[BlackTitle "GM"]
[WhiteElo "2757"]
[BlackElo "2704"]
[WhiteFideId "5202213"]
[BlackFideId "24175439"]
[EventDate "2024.05.11"]
[EventType "k.o."]

1. e4 e5 2. Nf3 Nc6 3. Bc4 Nf6 4. d3 Be7 5. O-O O-O 6. a4 d6 7. a5 a6 8. Nc3 Be6
9. Nd5 Bxd5 10. exd5 Nb4 11. c3 Nbxd5 12. Qb3 c6 13. Qxb7 Qe8 14. Qb3 Qd7 15.
Qc2 Nc7 16. Ba2 h6 17. d4 e4 18. Nd2 d5 19. f3 exf3 20. Nxf3 Ne4 21. Ne5 Qe8 22.
Bf4 Bd6 23. Rae1 f5 24. Qa4 Nb5 25. Qd1 Kh8 26. h4 g5 27. hxg5 hxg5 28. Bh2 Kg7
29. Bb1 Nc7 30. Bxe4 dxe4 31. g4 f4 32. Rxe4 Nd5 33. Qd3 Qe6 34. Nf3 Qxg4+ 35.
Kf2 Rh8 36. Rg1 Rxh2+ 37. Nxh2 Qh4+ 38. Kf1 Ne3+ 39. Rxe3 fxe3 40. Qxe3 Rf8+ 41.
Nf3 g4 42. Ke2 Qh5 43. Qg5+ Qxg5 44. Nxg5 Kg6 45. Rxg4 Kf5 46. Rg1 Rg8 47. Rf1+
Kg4 48. Ne4 1-0

[Event "Chess.com Classic Div 2 L"]
[Site "chess.com INT"]
[Date "2024.05.12"]
[Round "3.2"]
[White "Esipenko, Andrey"]
[Black "So, Wesley"]
[Result "1/2-1/2"]
[WhiteTitle "GM"]
[BlackTitle "GM"]
[WhiteElo "2704"]
[BlackElo "2757"]
[WhiteFideId "24175439"]
[BlackFideId "5202213"]
[EventDate "2024.05.11"]
[EventType "k.o."]

1. d4 d5 2. Nf3 Nf6 3. e3 c5 4. dxc5 e6 5. b4 a5 6. c3 axb4 7. cxb4 b6 8. Bb5+
Bd7 9. Bxd7+ Nbxd7 10. a4 bxc5 11. b5 Bd6 12. Bb2 g5 13. h3 Ke7 14. Nbd2 Rg8 15.
Qc2 h5 16. h4 g4 17. Ng5 Qc7 18. O-O Be5 19. e4 Bxb2 20. Qxb2 d4 21. Rfc1 g3 22.
Qxd4 Ng4 23. f3 Qa7 24. Qc4 Nge5 25. Qe2 c4+ 26. Kh1 Nd3 27. Rf1 Nf2+ 28. Rxf2
Qxf2 29. Qxf2 gxf2 30. Nh3 c3 31. Nf1 c2 32. Rc1 Rgc8 33. Nxf2 Rxa4 34. Kg1 Rb4 1/2-1/2